000 00299nam a22001337a 4500
003 SGT
082 _a340,ROS
100 _aROSEDAR,S.R.A.
245 _aCODE OF CRIMINAL PROCEDURE
260 _aGURGAON
_bLEXIS NEXIS
_c2014
300 _a157
650 _aCODE OF CRIMINAL PROCEDURE
942 _2ddc
_cBK
999 _c11267
_d11267